000
00322cam a2200133ua 4500
003
OSt
008
251121b |||||||| |||| 00| 0 eng d
041
_a
eng
082
_a
630.01
_b
DIA/GU
245
_a
Guide to safety in agriculture /
260
_a
India :
_b
Dialogue publications ,
_c
1985.
300
_a
247 ; .
942
_c
BK
999
_c
388
_d
388